[Event "English Open Championship 2024"]
[Site "Holiday Inn, 212 Abbey End, Kenilworth CV8 1ED, United Kingdom"]
[Date "2024.06.22"]
[Round "6.22"]
[White "Schell, Finn"]
[Black "Payne, Matthew J"]
[Result "1/2-1/2"]
[TimeControl "G90 + 30secs/move"]
[WhiteFideId "343406378"]
[BlackFideId "417084"]
[WhiteElo "1863"]
[BlackElo "2079"]

1. e4 {[%clk 01:30:59]} e6 {[%clk 01:30:52]} {[%emt 00:00:09]} 2. d4 {[%clk
01:31:27]} {[%emt 00:00:01]} d5 {[%clk 01:31:15]} {[%emt 00:00:07]} 3. Nd2
{[%clk 01:31:54]} {[%emt 00:00:03]} Nf6 {[%clk 01:31:28]} {[%emt 00:00:16]} 4.
e5 {[%clk 01:32:22]} {[%emt 00:00:03]} Nfd7 {[%clk 01:31:48]} {[%emt 00:00:10]}
5. c3 {[%clk 01:32:50]} {[%emt 00:00:01]} c5 {[%clk 01:32:06]} {[%emt
00:00:11]} 6. f4 {[%clk 01:33:15]} {[%emt 00:00:06]} Nc6 {[%clk 01:32:26]}
{[%emt 00:00:10]} 7. Ndf3 {[%clk 01:33:43]} {[%emt 00:00:02]} Qb6 {[%clk
01:32:40]} {[%emt 00:00:16]} 8. a3 {[%clk 01:34:11]} {[%emt 00:00:02]} Be7
{[%clk 01:32:56]} {[%emt 00:00:14]} 9. h4 {[%clk 01:34:14]} {[%emt 00:00:27]}
cxd4 {[%clk 01:29:01]} {[%emt 00:04:25]} 10. cxd4 {[%clk 01:34:35]} {[%emt
00:00:09]} a6 {[%clk 01:29:17]} {[%emt 00:00:14]} 11. Ne2 {[%clk 01:23:53]}
{[%emt 00:11:08]} f6 {[%clk 01:21:03]} {[%emt 00:08:48]} 12. Ng3 {[%clk
01:21:42]} {[%emt 00:02:38]} O-O {[%clk 01:18:09]} {[%emt 00:03:26]} 13. Bd3
{[%clk 01:20:32]} {[%emt 00:01:40]} f5 {[%clk 01:17:25]} {[%emt 00:01:15]} 14.
Ne2 {[%clk 01:11:05]} {[%emt 00:09:57]} Na5 {[%clk 01:08:34]} {[%emt 00:09:21]}
15. h5 {[%clk 01:06:57]} {[%emt 00:04:37]} Rd8 {[%clk 00:58:52]} {[%emt
00:10:12]} 16. O-O {[%clk 00:59:57]} {[%emt 00:07:31]} Nb8 {[%clk 00:53:03]}
{[%emt 00:06:19]} 17. b4 {[%clk 00:58:05]} {[%emt 00:02:21]} Nac6 {[%clk
00:52:10]} {[%emt 00:01:24]} 18. Kh1 {[%clk 00:57:08]} {[%emt 00:01:26]} Bd7
{[%clk 00:51:04]} {[%emt 00:01:37]} 19. Rg1 {[%clk 00:55:21]} {[%emt 00:02:17]}
Be8 {[%clk 00:51:13]} {[%emt 00:00:21]} 20. h6 {[%clk 00:55:23]} {[%emt
00:00:28]} Bh5 {[%clk 00:48:44]} {[%emt 00:02:58]} 21. Be3 {[%clk 00:48:37]}
{[%emt 00:07:15]} Nd7 {[%clk 00:40:50]} {[%emt 00:08:26]} 22. hxg7 {[%clk
00:44:48]} {[%emt 00:04:19]} Bg4 {[%clk 00:39:58]} {[%emt 00:01:22]} 23. Nh2
{[%clk 00:43:10]} {[%emt 00:02:07]} h5 {[%clk 00:40:20]} {[%emt 00:00:09]} 24.
Nxg4 {[%clk 00:34:19]} {[%emt 00:09:20]} hxg4 {[%clk 00:40:37]} {[%emt
00:00:13]} 25. g3 {[%clk 00:29:26]} {[%emt 00:05:23]} Kxg7 {[%clk 00:40:05]}
{[%emt 00:01:03]} 26. Kg2 {[%clk 00:29:15]} {[%emt 00:00:40]} Qc7 {[%clk
00:39:16]} {[%emt 00:01:20]} 27. Qc2 {[%clk 00:28:38]} {[%emt 00:01:04]} Kg6
{[%clk 00:36:29]} {[%emt 00:03:19]} 28. Nc3 {[%clk 00:27:29]} {[%emt 00:01:38]}
Nb6 {[%clk 00:36:49]} {[%emt 00:00:11]} 29. Rh1 {[%clk 00:24:25]} {[%emt
00:03:33]} Rh8 {[%clk 00:34:41]} {[%emt 00:02:39]} 30. Bf2 {[%clk 00:22:09]}
{[%emt 00:02:47]} Rac8 {[%clk 00:33:01]} {[%emt 00:02:10]} 31. Qe2 {[%clk
00:18:06]} {[%emt 00:04:32]} Kg7 {[%clk 00:32:10]} {[%emt 00:01:22]} 32. Na2
{[%clk 00:10:44]} {[%emt 00:07:52]} Qd7 {[%clk 00:24:33]} {[%emt 00:08:08]} 33.
Rxh8 {[%clk 00:08:55]} {[%emt 00:02:19]} Rxh8 {[%clk 00:24:40]} {[%emt
00:00:23]} 34. Rh1 {[%clk 00:09:22]} {[%emt 00:00:02]} Rxh1 {[%clk 00:22:52]}
{[%emt 00:02:19]} 35. Kxh1 {[%clk 00:09:50]} {[%emt 00:00:01]} Na7 {[%clk
00:23:10]} {[%emt 00:00:13]} 36. Be3 {[%clk 00:06:58]} {[%emt 00:03:21]} Qa4
{[%clk 00:21:52]} {[%emt 00:01:48]} 37. Bc1 {[%clk 00:05:58]} {[%emt 00:01:31]}
Qb3 {[%clk 00:19:46]} {[%emt 00:02:36]} 38. Qc2 {[%clk 00:03:25]} {[%emt
00:03:03]} Qxc2 {[%clk 00:20:03]} {[%emt 00:00:13]} 39. Bxc2 {[%clk 00:03:54]}
{[%emt 00:00:01]} Nb5 {[%clk 00:20:19]} {[%emt 00:00:14]} 40. Bd3 {[%clk
00:03:08]} {[%emt 00:01:16]} Nc4 {[%clk 00:16:26]} {[%emt 00:04:23]} 41. Bxc4
{[%clk 00:03:37]} {[%emt 00:00:02]} dxc4 {[%clk 00:16:51]} {[%emt 00:00:04]} 42.
Bb2 {[%clk 00:04:00]} {[%emt 00:00:07]} Nc7 {[%clk 00:16:12]} {[%emt 00:01:10]}
1/2-1/2

[Event "English Open Championship 2024"]
[Site "Holiday Inn, 212 Abbey End, Kenilworth CV8 1ED, United Kingdom"]
[Date "2024.06.22"]
[Round "6.23"]
[White "Sachdeva, Ronit"]
[Black "Mason, Donald J"]
[Result "1-0"]
[TimeControl "G90 + 30secs/move"]
[WhiteFideId "343401589"]
[BlackFideId "405116"]
[WhiteElo "1907"]
[BlackElo "2014"]

1. d4 {[%clk 01:30:55]} {[%emt 00:00:03]} Nf6 {[%clk 01:30:56]} {[%emt
00:00:06]} 2. c4 {[%clk 01:31:19]} {[%emt 00:00:05]} g6 {[%clk 01:31:11]}
{[%emt 00:00:16]} 3. Nc3 {[%clk 01:31:43]} {[%emt 00:00:06]} d5 {[%clk
01:31:18]} {[%emt 00:00:23]} 4. cxd5 {[%clk 01:32:05]} {[%emt 00:00:08]} Nxd5
{[%clk 01:31:36]} {[%emt 00:00:12]} 5. Bd2 {[%clk 01:32:28]} {[%emt 00:00:07]}
Nb6 {[%clk 01:27:51]} {[%emt 00:04:15]} 6. Nf3 {[%clk 01:32:52]} {[%emt
00:00:06]} Bg7 {[%clk 01:27:59]} {[%emt 00:00:22]} 7. Bf4 {[%clk 01:33:17]}
{[%emt 00:00:05]} O-O {[%clk 01:23:29]} {[%emt 00:05:00]} 8. e3 {[%clk
01:33:42]} {[%emt 00:00:05]} Bg4 {[%clk 01:21:13]} {[%emt 00:02:45]} 9. h3
{[%clk 01:32:54]} {[%emt 00:01:18]} Bxf3 {[%clk 01:21:23]} {[%emt 00:00:20]} 10.
Qxf3 {[%clk 01:33:02]} {[%emt 00:00:22]} c6 {[%clk 01:13:31]} {[%emt 00:08:23]}
11. h4 {[%clk 01:26:11]} {[%emt 00:07:21]} Nd5 {[%clk 01:08:56]} {[%emt
00:05:06]} 12. h5 {[%clk 01:22:46]} {[%emt 00:03:55]} Nxf4 {[%clk 01:08:37]}
{[%emt 00:00:48]} 13. Qxf4 {[%clk 01:21:42]} {[%emt 00:01:34]} Qd6 {[%clk
01:08:01]} {[%emt 00:01:05]} 14. Qh4 {[%clk 01:16:44]} {[%emt 00:05:29]} Bf6
{[%clk 01:05:02]} {[%emt 00:03:29]} 15. Qh3 {[%clk 01:16:13]} {[%emt 00:01:00]}
g5 {[%clk 01:04:08]} {[%emt 00:01:25]} 16. Qf5 {[%clk 01:12:09]} {[%emt
00:04:33]} Qe6 {[%clk 01:01:06]} {[%emt 00:03:32]} 17. Qxe6 {[%clk 01:10:11]}
{[%emt 00:02:28]} fxe6 {[%clk 01:01:34]} {[%emt 00:00:03]} 18. Bc4 {[%clk
01:10:25]} {[%emt 00:00:16]} Kf7 {[%clk 01:02:01]} {[%emt 00:00:03]} 19. Ne4
{[%clk 01:09:38]} {[%emt 00:01:17]} Nd7 {[%clk 01:00:33]} {[%emt 00:01:56]} 20.
Bb3 {[%clk 01:00:42]} {[%emt 00:09:27]} a5 {[%clk 00:53:20]} {[%emt 00:07:43]}
21. a4 {[%clk 00:59:48]} {[%emt 00:01:24]} Ra6 {[%clk 00:53:48]} {[%emt
00:00:02]} 22. O-O-O {[%clk 00:47:56]} {[%emt 00:12:21]} Rb6 {[%clk 00:53:53]}
{[%emt 00:00:26]} 23. Bc4 {[%clk 00:46:05]} {[%emt 00:02:20]} Rb4 {[%clk
00:53:28]} {[%emt 00:00:56]} 24. Ba2 {[%clk 00:25:37]} {[%emt 00:20:58]} Rxa4
{[%clk 00:52:48]} {[%emt 00:01:10]} 25. Kb1 {[%clk 00:25:42]} {[%emt 00:00:26]}
Rb4 {[%clk 00:49:31]} {[%emt 00:03:46]} 26. Rd2 {[%clk 00:24:30]} {[%emt
00:01:42]} Ra8 {[%clk 00:44:28]} {[%emt 00:05:32]} 27. Rf1 {[%clk 00:24:05]}
{[%emt 00:00:56]} a4 {[%clk 00:40:15]} {[%emt 00:04:42]} 28. f4 {[%clk
00:23:27]} {[%emt 00:01:09]} gxf4 {[%clk 00:38:34]} {[%emt 00:02:12]} 29. Rxf4
{[%clk 00:23:52]} {[%emt 00:00:05]} Rb5 {[%clk 00:26:18]} {[%emt 00:12:45]} 30.
g4 {[%clk 00:23:28]} {[%emt 00:00:55]} h6 {[%clk 00:25:43]} {[%emt 00:01:04]}
31. Rg2 {[%clk 00:23:06]} {[%emt 00:00:52]} Rg8 {[%clk 00:23:06]} {[%emt
00:03:06]} 32. Nc3 {[%clk 00:21:35]} {[%emt 00:02:01]} Rxh5 {[%clk 00:20:34]}
{[%emt 00:03:02]} 33. e4 {[%clk 00:20:29]} {[%emt 00:01:37]} Rh1+ {[%clk
00:16:33]} {[%emt 00:04:30]} 34. Kc2 {[%clk 00:20:53]} {[%emt 00:00:07]} Ke8
{[%clk 00:16:58]} {[%emt 00:00:05]} 35. Bxe6 {[%clk 00:20:38]} {[%emt
00:00:45]} Bg5 {[%clk 00:11:35]} {[%emt 00:05:52]} 36. Rf5 {[%clk 00:19:57]}
{[%emt 00:01:12]} Rg7 {[%clk 00:06:04]} {[%emt 00:06:01]} 37. Ra5 {[%clk
00:18:44]} {[%emt 00:01:43]} Kd8 {[%clk 00:06:32]} {[%emt 00:00:02]} 38. Nxa4
{[%clk 00:18:29]} {[%emt 00:00:45]} Rg6 {[%clk 00:04:38]} {[%emt 00:02:24]} 39.
Ra8+ {[%clk 00:12:39]} {[%emt 00:06:20]} Kc7 {[%clk 00:05:05]} {[%emt
00:00:03]} 40. Bxd7 {[%clk 00:08:14]} {[%emt 00:04:55]} Kxd7 {[%clk 00:05:30]}
{[%emt 00:00:05]} 41. Nc5+ {[%clk 00:08:42]} {[%emt 00:00:03]} Kc7 {[%clk
00:05:46]} {[%emt 00:00:14]} 42. Ra7 {[%clk 00:08:20]} {[%emt 00:00:52]} Rf6
{[%clk 00:03:12]} {[%emt 00:03:02]} 43. Rxb7+ {[%clk 00:08:06]} {[%emt
00:00:46]} Kc8 {[%clk 00:03:04]} {[%emt 00:00:38]} 44. Ra7 {[%clk 00:05:29]}
{[%emt 00:03:06]} Rc1+ {[%clk 00:00:48]} {[%emt 00:02:47]} 45. Kb3 {[%clk
00:05:45]} {[%emt 00:00:12]} Rf3+ {[%clk 00:01:12]} {[%emt 00:00:07]} 46. Ka2
{[%clk 00:06:06]} {[%emt 00:00:07]} Rff1 {[%clk 00:01:19]} {[%emt 00:00:25]} 47.
Nb3 {[%clk 00:06:10]} {[%emt 00:00:26]} Rce1 {[%clk 00:01:18]} {[%emt
00:00:31]} 48. e5 {[%clk 00:06:00]} {[%emt 00:00:41]} c5 {[%clk 00:01:36]}
{[%emt 00:00:12]} 49. Rc2 {[%clk 00:04:34]} {[%emt 00:01:56]} Kb8 {[%clk
00:02:01]} {[%emt 00:00:05]} 50. Ra4 {[%clk 00:04:38]} {[%emt 00:00:25]} cxd4
{[%clk 00:02:09]} {[%emt 00:00:23]} 51. Rb4+ {[%clk 00:04:57]} {[%emt
00:00:09]} Ka7 {[%clk 00:01:25]} {[%emt 00:01:16]} 52. Rc5 {[%clk 00:05:08]}
{[%emt 00:00:19]} 1-0

[Event "English Open Championship 2024"]
[Site "Holiday Inn, 212 Abbey End, Kenilworth CV8 1ED, United Kingdom"]
[Date "2024.06.22"]
[Round "6.24"]
[White "Vaidyanathan, Adithya"]
[Black "Sefton, Adam"]
[Result "0-1"]
[TimeControl "G90 + 30secs/move"]
[WhiteFideId "495450"]
[BlackFideId "343400965"]
[WhiteElo "2002"]
[BlackElo "1850"]

1. Nf3 {[%clk 01:30:58]} {[%emt 00:00:02]} Nf6 {[%clk 01:30:54]} {[%emt
00:00:06]} 2. d4 {[%clk 01:31:25]} {[%emt 00:00:03]} e6 {[%clk 01:31:18]}
{[%emt 00:00:05]} 3. c4 {[%clk 01:31:53]} {[%emt 00:00:03]} b6 {[%clk
01:31:46]} {[%emt 00:00:03]} 4. Nc3 {[%clk 01:32:14]} {[%emt 00:00:08]} Bb7
{[%clk 01:32:10]} {[%emt 00:00:05]} 5. Bg5 {[%clk 01:32:40]} {[%emt 00:00:05]}
h6 {[%clk 01:32:31]} {[%emt 00:00:10]} 6. Bh4 {[%clk 01:32:55]} {[%emt
00:00:15]} g5 {[%clk 01:32:47]} {[%emt 00:00:13]} 7. Bg3 {[%clk 01:33:20]}
{[%emt 00:00:06]} Nh5 {[%clk 01:33:12]} {[%emt 00:00:04]} 8. Be5 {[%clk
01:31:26]} {[%emt 00:02:24]} f6 {[%clk 01:33:37]} {[%emt 00:00:06]} 9. Bg3
{[%clk 01:30:57]} {[%emt 00:00:58]} Nxg3 {[%clk 01:33:43]} {[%emt 00:00:24]} 10.
hxg3 {[%clk 01:31:18]} {[%emt 00:00:10]} Qe7 {[%clk 01:30:11]} {[%emt
00:04:01]} 11. Qc2 {[%clk 01:30:26]} {[%emt 00:01:22]} Bg7 {[%clk 01:27:08]}
{[%emt 00:03:33]} 12. e4 {[%clk 01:29:47]} {[%emt 00:01:09]} Nc6 {[%clk
01:25:02]} {[%emt 00:02:36]} 13. O-O-O {[%clk 01:25:23]} {[%emt 00:04:55]}
O-O-O {[%clk 01:23:14]} {[%emt 00:02:18]} 14. a3 {[%clk 01:24:05]} {[%emt
00:01:48]} f5 {[%clk 01:09:35]} {[%emt 00:14:09]} 15. exf5 {[%clk 01:16:09]}
{[%emt 00:08:26]} g4 {[%clk 01:09:40]} {[%emt 00:00:24]} 16. Nh4 {[%clk
01:04:37]} {[%emt 00:12:03]} Nxd4 {[%clk 01:09:10]} {[%emt 00:01:00]} 17. Ng6
{[%clk 01:03:41]} {[%emt 00:01:26]} Qg5+ {[%clk 01:09:24]} {[%emt 00:00:15]} 18.
Rd2 {[%clk 00:56:21]} {[%emt 00:07:50]} Nxc2 {[%clk 01:09:45]} {[%emt
00:00:10]} 19. Nxh8 {[%clk 00:56:41]} {[%emt 00:00:10]} Nd4 {[%clk 01:09:28]}
{[%emt 00:00:47]} 20. Kd1 {[%clk 00:52:14]} {[%emt 00:04:57]} Bxh8 {[%clk
01:09:39]} {[%emt 00:00:19]} 21. Rd3 {[%clk 00:49:42]} {[%emt 00:03:03]} exf5
{[%clk 01:09:15]} {[%emt 00:00:54]} 22. b4 {[%clk 00:48:48]} {[%emt 00:01:25]}
Re8 {[%clk 01:08:36]} {[%emt 00:01:08]} 23. Na2 {[%clk 00:48:39]} {[%emt
00:00:38]} Be4 {[%clk 01:08:49]} {[%emt 00:00:17]} 24. Rd2 {[%clk 00:48:56]}
{[%emt 00:00:13]} Bc2+ {[%clk 01:08:30]} {[%emt 00:00:49]} 25. Rxc2 {[%clk
00:48:44]} {[%emt 00:00:42]} Nxc2 {[%clk 01:08:52]} {[%emt 00:00:08]} 26. Kxc2
{[%clk 00:49:06]} {[%emt 00:00:08]} Re1 {[%clk 01:09:13]} {[%emt 00:00:09]} 27.
c5 {[%clk 00:49:10]} {[%emt 00:00:27]} Kb8 {[%clk 01:09:11]} {[%emt 00:00:32]}
28. cxb6 {[%clk 00:48:31]} {[%emt 00:01:09]} cxb6 {[%clk 01:09:25]} {[%emt
00:00:16]} 29. a4 {[%clk 00:48:18]} {[%emt 00:00:43]} Ra1 {[%clk 01:09:48]}
{[%emt 00:00:06]} 30. Bc4 {[%clk 00:48:21]} {[%emt 00:00:27]} Rxh1 {[%clk
01:10:09]} {[%emt 00:00:10]} 31. a5 {[%clk 00:48:39]} {[%emt 00:00:11]} Qf6
{[%clk 01:10:33]} {[%emt 00:00:06]} 32. axb6 {[%clk 00:48:56]} {[%emt
00:00:13]} Qb2+ {[%clk 01:10:52]} {[%emt 00:00:11]} 33. Kd3 {[%clk 00:49:21]}
{[%emt 00:00:05]} Rd1+ {[%clk 01:11:16]} {[%emt 00:00:06]} 34. Ke3 {[%clk
00:49:44]} {[%emt 00:00:08]} Qd2# {[%clk 01:11:09]} {[%emt 00:00:06]} 0-1

[Event "English Open Championship 2024"]
[Site "Holiday Inn, 212 Abbey End, Kenilworth CV8 1ED, United Kingdom"]
[Date "2024.06.22"]
[Round "6.25"]
[White "Yu, Rock"]
[Black "Burrows, Martin P"]
[Result "1/2-1/2"]
[TimeControl "G90 + 30secs/move"]
[WhiteFideId "489000"]
[BlackFideId "409057"]
[WhiteElo "1939"]
[BlackElo "2019"]

1. e4 {[%clk 01:29:49]} {[%emt 00:01:11]} c5 {[%clk 01:30:52]} {[%emt
00:00:09]} 2. c4 {[%clk 01:30:17]} {[%emt 00:00:01]} e6 {[%clk 01:30:07]}
{[%emt 00:01:15]} 3. Nc3 {[%clk 01:30:43]} {[%emt 00:00:05]} Nc6 {[%clk
01:30:08]} {[%emt 00:00:29]} 4. g3 {[%clk 01:31:06]} {[%emt 00:00:07]} g6
{[%clk 01:28:49]} {[%emt 00:01:48]} 5. Bg2 {[%clk 01:31:32]} {[%emt 00:00:05]}
Bg7 {[%clk 01:29:05]} {[%emt 00:00:13]} 6. Nge2 {[%clk 01:32:00]} {[%emt
00:00:02]} Nge7 {[%clk 01:28:49]} {[%emt 00:00:46]} 7. O-O {[%clk 01:32:20]}
{[%emt 00:00:09]} O-O {[%clk 01:28:56]} {[%emt 00:00:24]} 8. Rb1 {[%clk
01:32:28]} {[%emt 00:00:22]} d6 {[%clk 01:21:32]} {[%emt 00:07:55]} 9. a3
{[%clk 01:32:50]} {[%emt 00:00:08]} a5 {[%clk 01:21:27]} {[%emt 00:00:35]} 10.
d3 {[%clk 01:31:59]} {[%emt 00:01:21]} e5 {[%clk 01:17:03]} {[%emt 00:04:55]}
11. h3 {[%clk 01:31:42]} {[%emt 00:00:46]} f5 {[%clk 01:12:54]} {[%emt
00:04:40]} 12. f4 {[%clk 01:30:32]} {[%emt 00:01:38]} Kh8 {[%clk 01:12:05]}
{[%emt 00:01:20]} 13. Kh2 {[%clk 01:29:49]} {[%emt 00:01:14]} Be6 {[%clk
01:10:01]} {[%emt 00:02:34]} 14. Nd5 {[%clk 01:28:38]} {[%emt 00:01:40]} Bxd5
{[%clk 01:02:45]} {[%emt 00:07:46]} 15. exd5 {[%clk 01:27:10]} {[%emt
00:01:58]} Nd4 {[%clk 01:02:41]} {[%emt 00:00:34]} 16. b4 {[%clk 01:24:29]}
{[%emt 00:03:11]} Nxe2 {[%clk 00:58:25]} {[%emt 00:04:46]} 17. Qxe2 {[%clk
01:24:46]} {[%emt 00:00:14]} axb4 {[%clk 00:58:46]} {[%emt 00:00:08]} 18. axb4
{[%clk 01:25:12]} {[%emt 00:00:05]} b6 {[%clk 00:58:41]} {[%emt 00:00:35]} 19.
Re1 {[%clk 01:19:08]} {[%emt 00:06:33]} Ng8 {[%clk 00:57:50]} {[%emt 00:01:22]}
20. fxe5 {[%clk 01:10:02]} {[%emt 00:09:36]} Bxe5 {[%clk 00:57:54]} {[%emt
00:00:25]} 21. Bb2 {[%clk 01:10:19]} {[%emt 00:00:14]} Re8 {[%clk 00:56:20]}
{[%emt 00:02:04]} 22. Bxe5+ {[%clk 01:10:42]} {[%emt 00:00:07]} Rxe5 {[%clk
00:56:34]} {[%emt 00:00:16]} 23. Qb2 {[%clk 01:11:03]} {[%emt 00:00:09]} Qf6
{[%clk 00:54:24]} {[%emt 00:02:39]} 24. bxc5 {[%clk 01:06:08]} {[%emt
00:05:25]} Rxe1 {[%clk 00:50:55]} {[%emt 00:03:59]} 25. Qxf6+ {[%clk 01:06:03]}
{[%emt 00:00:35]} Nxf6 {[%clk 00:51:21]} {[%emt 00:00:04]} 26. Rxe1 {[%clk
01:06:26]} {[%emt 00:00:05]} bxc5 {[%clk 00:51:30]} {[%emt 00:00:23]} 27. Re6
{[%clk 01:05:42]} {[%emt 00:01:14]} Ne8 {[%clk 00:51:30]} {[%emt 00:00:31]} 28.
g4 {[%clk 01:03:25]} {[%emt 00:02:45]} fxg4 {[%clk 00:45:01]} {[%emt 00:07:00]}
29. hxg4 {[%clk 01:03:24]} {[%emt 00:00:31]} Rd8 {[%clk 00:45:01]} {[%emt
00:00:31]} 30. Kg3 {[%clk 00:59:27]} {[%emt 00:04:25]} Kg8 {[%clk 00:43:26]}
{[%emt 00:02:06]} 31. Kh4 {[%clk 00:55:55]} {[%emt 00:04:02]} Kf7 {[%clk
00:41:35]} {[%emt 00:02:21]} 32. Kg5 {[%clk 00:37:34]} {[%emt 00:18:51]} Nc7
{[%clk 00:41:31]} {[%emt 00:00:34]} 33. Re3 {[%clk 00:35:59]} {[%emt 00:02:05]}
Re8 {[%clk 00:40:30]} {[%emt 00:01:31]} 34. Be4 {[%clk 00:34:08]} {[%emt
00:02:20]} Kg7 {[%clk 00:39:07]} {[%emt 00:01:55]} 35. Re2 {[%clk 00:30:30]}
{[%emt 00:04:08]} Re5+ {[%clk 00:37:21]} {[%emt 00:02:16]} 36. Kf4 {[%clk
00:29:38]} {[%emt 00:01:22]} g5+ {[%clk 00:37:22]} {[%emt 00:00:29]} 37. Kf3
{[%clk 00:28:09]} {[%emt 00:02:00]} Ne8 {[%clk 00:31:42]} {[%emt 00:06:10]} 38.
Ra2 {[%clk 00:26:04]} {[%emt 00:02:34]} Re7 {[%clk 00:31:55]} {[%emt 00:00:16]}
39. Bf5 {[%clk 00:25:37]} {[%emt 00:00:58]} h6 {[%clk 00:29:10]} {[%emt
00:03:15]} 40. Ra6 {[%clk 00:22:20]} {[%emt 00:03:48]} Kf6 {[%clk 00:27:58]}
{[%emt 00:01:41]} 41. Be4 {[%clk 00:18:51]} {[%emt 00:03:59]} 1/2-1/2

[Event "English Open Championship 2024"]
[Site "Holiday Inn, 212 Abbey End, Kenilworth CV8 1ED, United Kingdom"]
[Date "2024.06.22"]
[Round "6.26"]
[White "Mclachlan, Matthew"]
[Black "Varley, Joe"]
[Result "1-0"]
[TimeControl "G90 + 30secs/move"]
[WhiteFideId "436003"]
[BlackFideId "461962"]
[WhiteElo "1917"]
[BlackElo "1948"]

1. d4 {[%clk 01:30:58]} {[%emt 00:00:02]} Nf6 {[%clk 01:30:52]} {[%emt
00:00:07]} 2. Bg5 {[%clk 01:31:26]} {[%emt 00:00:04]} Ne4 {[%clk 01:31:15]}
{[%emt 00:00:07]} 3. Bf4 {[%clk 01:31:51]} {[%emt 00:00:05]} c5 {[%clk
01:31:33]} {[%emt 00:00:12]} 4. f3 {[%clk 01:32:14]} {[%emt 00:00:07]} Qa5+
{[%clk 01:31:53]} {[%emt 00:00:10]} 5. c3 {[%clk 01:32:38]} {[%emt 00:00:05]}
Nf6 {[%clk 01:32:13]} {[%emt 00:00:10]} 6. d5 {[%clk 01:33:03]} {[%emt
00:00:06]} Qb6 {[%clk 01:32:29]} {[%emt 00:00:14]} 7. Bc1 {[%clk 01:30:42]}
{[%emt 00:02:50]} e6 {[%clk 01:32:31]} {[%emt 00:00:28]} 8. e4 {[%clk
01:30:51]} {[%emt 00:00:21]} exd5 {[%clk 01:32:30]} {[%emt 00:00:32]} 9. exd5
{[%clk 01:31:11]} {[%emt 00:00:10]} Bd6 {[%clk 01:32:41]} {[%emt 00:00:18]} 10.
c4 {[%clk 01:30:59]} {[%emt 00:00:42]} O-O {[%clk 01:32:11]} {[%emt 00:00:59]}
11. Bd3 {[%clk 01:31:11]} {[%emt 00:00:19]} Re8+ {[%clk 01:28:35]} {[%emt
00:04:07]} 12. Ne2 {[%clk 01:31:33]} {[%emt 00:00:07]} Bf8 {[%clk 01:28:12]}
{[%emt 00:00:53]} 13. Nbc3 {[%clk 01:31:13]} {[%emt 00:00:51]} d6 {[%clk
01:26:31]} {[%emt 00:02:11]} 14. Bg5 {[%clk 01:30:01]} {[%emt 00:01:41]} Nbd7
{[%clk 01:26:51]} {[%emt 00:00:10]} 15. Qc2 {[%clk 01:29:46]} {[%emt 00:00:45]}
g6 {[%clk 01:25:12]} {[%emt 00:02:10]} 16. Bxf6 {[%clk 01:30:11]} {[%emt
00:00:05]} Nxf6 {[%clk 01:25:19]} {[%emt 00:00:22]} 17. O-O-O {[%clk 01:30:32]}
{[%emt 00:00:09]} Bd7 {[%clk 01:24:13]} {[%emt 00:01:37]} 18. h4 {[%clk
01:28:58]} {[%emt 00:02:04]} Qd8 {[%clk 01:14:34]} {[%emt 00:10:08]} 19. h5
{[%clk 01:21:45]} {[%emt 00:07:44]} a6 {[%clk 01:12:05]} {[%emt 00:02:58]} 20.
hxg6 {[%clk 01:22:01]} {[%emt 00:00:15]} fxg6 {[%clk 01:12:17]} {[%emt
00:00:18]} 21. Rh2 {[%clk 01:20:09]} {[%emt 00:02:21]} Qe7 {[%clk 01:05:24]}
{[%emt 00:07:24]} 22. Rdh1 {[%clk 01:19:19]} {[%emt 00:01:20]} Qg7 {[%clk
01:02:27]} {[%emt 00:03:27]} 23. Ne4 {[%clk 01:11:51]} {[%emt 00:07:58]} Re7
{[%clk 01:01:06]} {[%emt 00:01:51]} 24. Nf4 {[%clk 01:01:22]} {[%emt 00:10:59]}
Nxe4 {[%clk 00:54:55]} {[%emt 00:06:41]} 25. Bxe4 {[%clk 01:01:35]} {[%emt
00:00:17]} Qf6 {[%clk 00:54:49]} {[%emt 00:00:35]} 26. g3 {[%clk 00:47:48]}
{[%emt 00:14:17]} b5 {[%clk 00:49:49]} {[%emt 00:05:31]} 27. Nxg6 {[%clk
00:26:23]} {[%emt 00:21:55]} hxg6 {[%clk 00:45:49]} {[%emt 00:04:29]} 28. Bxg6
{[%clk 00:26:42]} {[%emt 00:00:10]} Bg7 {[%clk 00:42:21]} {[%emt 00:04:00]} 29.
Rh4 {[%clk 00:27:06]} {[%emt 00:00:06]} Qe5 {[%clk 00:36:34]} {[%emt 00:06:17]}
30. Rf4 {[%clk 00:18:03]} {[%emt 00:09:33]} Qe3+ {[%clk 00:16:19]} {[%emt
00:20:45]} 31. Kd1 {[%clk 00:17:05]} {[%emt 00:01:27]} Bh6 {[%clk 00:16:41]}
{[%emt 00:00:08]} 32. Qh2 {[%clk 00:10:16]} {[%emt 00:07:19]} Bf5 {[%clk
00:08:25]} {[%emt 00:08:46]} 33. Bxf5 {[%clk 00:08:26]} {[%emt 00:02:21]} Bxf4
{[%clk 00:08:39]} {[%emt 00:00:16]} 34. Qh8+ {[%clk 00:08:06]} {[%emt
00:00:50]} Kf7 {[%clk 00:09:01]} {[%emt 00:00:08]} 35. Rh7# {[%clk 00:08:25]}
{[%emt 00:00:08]} 1-0